Glencoe writer's choice : Interactive student edition
Đã lưu trong:
| 格式: | 圖書 |
|---|---|
| 語言: | Undetermined |
| 出版: |
New York
Glencoe/McGraw-Hill
2001
|
| 主題: | |
| 標簽: |
添加標簽
沒有標簽, 成為第一個標記此記錄!
|
| Thư viện lưu trữ: | Trung tâm Học liệu Trường Đại học Cần Thơ |
|---|
| LEADER | 00618nam a2200193Ia 4500 | ||
|---|---|---|---|
| 001 | CTU_168562 | ||
| 008 | 210402s9999 xx 000 0 und d | ||
| 020 | |c 65.32 | ||
| 082 | |a 428.24 | ||
| 082 | |b G558/Gr.9 | ||
| 245 | 0 | |a Glencoe writer's choice : | |
| 245 | 0 | |b Interactive student edition | |
| 260 | |a New York | ||
| 260 | |b Glencoe/McGraw-Hill | ||
| 260 | |c 2001 | ||
| 650 | |a English language,Tiếng Anh | ||
| 650 | |x Grammar,Study and teaching (Middle school),Ngữ pháp,Dạy và học (Trung học cơ sở) | ||
| 904 | |i Trọng Hải | ||
| 980 | |a Trung tâm Học liệu Trường Đại học Cần Thơ | ||